000
00255nam a2200097Ia 4500
001
643102
005
20250826153539.0
008
250824s9999 xx 000 0 und d
245
0
_a
TALİHSİZ SER 10 KAYGAN YAMAÇ SC
_c
LEMONY SNICKET
260
_b
DOĞAN EGMONT
999
_c
643102
_d
643102